01189nac a22003011u 4500999001500000003000900015005001700024008004100041020002800082040004300110082002000153100004200173245005800215264006300273300002900336336002600365337002800391338002700419504005100446600006000497650006200557651003500619653002600654655002400680740004200704942002400746952011700770 c1780d1780EG-ScBUE20210128121704.0200219s1985 gau f b 001 0 eng d a082030736X (alk. paper) aEG-ScBUEbengerdacEG-ScBUEdEG-ScBUE04a813.52bOWE2221 aOwens, Louis, eauthor.10aJohn Steinbeck's re-vision of America /cLouis Owens. 1aAthens, Georgia :bThe University of Georgia Press,c1985. axiii, 225 pages ;c23 cm 2rdacontentatextbtxt 2rdamediaaunmediatedbn 2rdacarrieravolumebnc aIncludes bibliographical references and index.17aSteinbeck, John,d1902-1968xKnowledgexAmerica.2BUEsh 7aNational characteristics, American, in literature.2BUEsh 7aAmericaxIn literature.2BUEsh bHHUUEENNcJanuary2021 vReading book93423202aJohn Steinbeck's revision of America. cBBk813.52O9762ddc 00104070aMAINbMAINc2NDd2014-12-06ePurchasel0o813.52 OWEp000002537r2025-07-15 00:00:00w2006-12-14yBB